1296 1233 1568 1377 1075 1824 1242 1626 1405 1230 1065 1033 1385 1158 1778 1581 1669 1582 1318 1099 1879 1052 1362 1662 1792 1561 1792 1584 1939 1996 1562 1791 1390 1467 1332 1101 1489 1331 1832 1619 1885 1481 1775 1854 1808 1430 1424 1601 1594 1524 1634 1136 1780 1976 1460 1235 1775 1020 1782 1262 1723 1960 1914 1963 1628 1432 1111 1386 1035 1502 1956 1840 1454 1278 1735 1826 1233 1605 1346 1654 1052 1236 1655 1054 1983 1185 1294 1669 1887 1985 1488 1079 1596 1869 1250 1916 1608 1466 1773 BCNSPRNW ULIB Ver.6.0+V

เปลี่ยนเป็นภาษาไทย

Change to English
 แสดงรายละเอียดบรรณานุกรม
  กลับหน้าหลัก

Brief Record : Get Marc (ISO 2709) : E-mail record : QR code < ปิดหน้าต่าง
LEADER : 00000nam 2200000uu 4500
001    13399109057
003     ULIB
008    110321s2552||||th 000 0 tha d
020    9789744141200
041 1  tha^heng
050  4 HD47.4^bค934ก 2552
100 0  แคปแลนด์, โรเบิร์ต เอส.
245 10 การวิเคราะห์ต้นทุนบนฐานกิจกรรมและเกณฑ์เวลา =^bTime-drivenactivity-based costing /^cRobert S. Kaplan ร่วมกับ Steven R. Anderson ; แปลและเรียบเรียงโดย จักร ติงศภัทิย์
246 31 Time-driven activity-based costing
250    พิมพ์ครั้งที่ 1
260    กรุงเทพฯ :^bเอ็กซเปอร์เน็ท,^c2552
300    452 หน้า :^bภาพประกอบ ;^c24 ซม.
650  7 การวิเคราะห์ต้นทุน
650  7 ต้นทุน
700 1  แอนเดอร์สัน, สตีเฟ่น อาร์
700 0  จักร ติงสภัทิย์,^eผู้แปล
945    ^p380^l0^i029830
945    ^p380^l0^i029829
995    เกษร
999 ^a ใช้งานได้ทุกระบบ
รายการนี้ยังไม่มีแท็ก
คุณยังไม่ได้ล็อกอิน คุณสามารถมีกิจกรรมร่วมกับเว็บไซต์ได้ แต่ต้องล็อกอินก่อน ::
  ล็อกอิน

รายการสื่อสารสนเทศ

ลำดับที่ ประเภท เลขเรียก/บาร์โค้ด สถานที่ สถานะ
1. การศึกษาทั่วไป
การศึกษาทั่วไป
HD47.4 ค934ก 2552 ฉ.2 
  Barcode: 029830
ห้องสมุดวิทยาเขตนครสวรรค์
►หนังสือทั่วไป:l:General Books
บนชั้น

รายการใกล้เคียง
    ผู้แต่ง [แคปแลนด์, โรเบิร์ต เอส.]

    หัวเรื่อง [การวิเคราะห์ต้นทุน]
    หัวเรื่อง [ต้นทุน]

BibComment


ยังไม่เคยถูกคอมเมนท์

คอมเมนท์ทรัพยากรรายการนี้
  คอมเมนท์: การวิเคราะห์ต้นทุ..


 Copyright 2026. Bcnsprnw @Library